SPOR SALONUNDAKİ TUZAK (Kayıt no. 725013)
[ düz görünüm ]
| 000 -LEADER | |
|---|---|
| sabit uzunluktaki kontrol alanı | 00254nam a2200097Ia 4500 |
| 001 - KONTROL NUMARASI | |
| kontrol alanı | 725013 |
| 005 - EN SON İŞLEMİN TARİH VE ZAMANI | |
| kontrol alanı | 20250826163401.0 |
| 008 - SABİT-UZUNLUKTA VERİ ÖĞELERİ--GENEL BİLGİ | |
| sabit uzunluktaki kontrol alanı | 250824s9999 xx 000 0 und d |
| 245 #0 - ESER / YAZAR | |
| ESER ADI | SPOR SALONUNDAKİ TUZAK |
| Yazar Adı | MAJA VON VOGEL |
| 260 ## - YAYIN, DAĞITIM, VB. | |
| YAYIN EVİ | BEYAZ BALİNA YAYINLARI |
| Düşüm durumu | Kayıp durumu | Hasar Durumu | Ödünç verilmez | Ana kütüphane | Geçerli Kütüphane | Edinilen tarih | Toplam ödünç verme sayısı | Barkod | Son görüntüleme tarihi | Son ödünç verme tarihi | Fiyatın geçerli olmaya başladığı tarih | Koha materyal türü |
|---|---|---|---|---|---|---|---|---|---|---|---|---|
| BORSA İSTANBUL ORTAOKULU | BORSA İSTANBUL ORTAOKULU | 24.08.2025 | 1 | 10313857 | 22.12.2025 | 01.12.2025 | 26.08.2025 | Kitaplar |